|
|
|
|
| LEADER |
01090nam a22002777a 4500 |
| 001 |
36944 |
| 003 |
BD-DhAAL |
| 005 |
20200122160759.0 |
| 008 |
200122t2012 xxua|||| b||| 00| 0 eng d |
| 999 |
|
|
|c 41988
|d 41988
|
| 020 |
|
|
|a 9781598038262
|
| 040 |
|
|
|a BD-DhAAL
|
| 082 |
|
|
|a 160
|2 21
|
| 100 |
|
|
|a Novella, Steven
|9 39108
|
| 245 |
|
|
|a Your deceptive mind :
|b a scientific guide to critical thinking skills /
|c Steven Novella; Teaching Company.
|
| 260 |
|
|
|a Chantilly, Virginia :
|b Teaching Company,
|c c2012
|
| 300 |
|
|
|a vi, 230 pages :
|b illustrations ;
|c 19 cm.
|
| 504 |
|
|
|a Includes bibliographical references (pages 209-230).
|
| 526 |
|
|
|a CSE
|
| 541 |
|
|
|a Development Book Agency
|e 36944
|
| 650 |
|
|
|a Critical thinking.
|9 39109
|
| 650 |
|
|
|a Thought and thinking.
|9 39110
|
| 650 |
|
|
|a Computer science.
|9 39111
|
| 852 |
|
|
|a Ayesha Abed Library
|c General Stacks
|
| 942 |
|
|
|2 ddc
|c BK
|
| 952 |
|
|
|0 0
|1 0
|2 ddc
|4 0
|6 160_000000000000000_NOV
|7 0
|9 67746
|a BRACUL
|b BRACUL
|c GEN
|d 2020-01-20
|e Development Book Agency
|g 5610.00
|l 10
|m 69
|o 160 NOV
|p 3010036944
|r 2026-03-29
|s 2026-01-29
|t 1
|v 5610.00
|w 2020-01-20
|y BK
|